MACMILLAN ENGLISH DICTIONARY FOR ADVANCE (Record no. 3549)

MARC details
000 -LEADER
fixed length control field 00350nam a2200133Ia 4500
008 - FIXED-LENGTH DATA ELEMENTS--GENERAL INFORMATION
fixed length control field 240624s9999 xx 000 0 und d
041 ## - LANGUAGE CODE
Language code of text/sound track or separate title eng
082 ## - DEWEY DECIMAL CLASSIFICATION NUMBER
Classification number 413 MAC
100 ## - MAIN ENTRY--PERSONAL NAME
Personal name MACMILLAN
245 ## - TITLE STATEMENT
Title MACMILLAN ENGLISH DICTIONARY FOR ADVANCE
260 ## - PUBLICATION, DISTRIBUTION, ETC.
Date of publication, distribution, etc. 2006
Place of publication, distribution, etc. Oxford
Name of publisher, distributor, etc. Macmillan Education
300 ## - PHYSICAL DESCRIPTION
Extent xiv, : 1692 : p. : cm. ; 26
365 ## - TRADE PRICE
Currency code RS
Price amount 25
Holdings
Withdrawn status Lost status Damaged status Not for loan Home library Current library Shelving location Date acquired Source of acquisition Cost, normal purchase price Full call number Barcode Date last seen Copy number Price effective from Koha item type
        IMTN IMTN Rack 15-B 05/17/2006 AP 595.00 413 MAC 3549 06/24/2024 1 06/24/2024 Books
Designed & Maintained by: LRC IMT Nagpur Contact: lrc@imtnag.ac.in© 2024. All Rights Reserved.